000 01074nam a22002897a 4500
001 9942
003 FISKH
005 20260318163514.0
008 260318b cb ||||| |||| 00| 0 eng d
020 _a9780425292082
040 _aFISKH
_beng
_cFISKH
_dFISKH
050 _aPZ7 .B7356 .L
082 _a813.6
100 _aBrallier, Max
_eAuthor
245 _aThe last kids on Earth and the cosmic beyond /
_cMax Brallier ; illustrated by Douglas Holgate
260 _aNew York :
_bPenguin Random House ,
_c2018
300 _a257 pages :
_billustrations ;
_c22 cm
490 _aThe last kids on Earth :
_v4
505 _aN
520 _aDuring the first winter after the Monster Apocalypse, Jack and his buddies prepare for a monstrous Christmas celebration, but a supervillainess steals Jack's prized monster-slaying weapon, his Louisville Slicer, and he vows to get it back.
521 8 _a540
_bLexile
521 8 _aN
_bRaz-Plus
650 _aGraphic novel
_vHorror
700 _aHolgate, Douglas
_eIllustrator
942 _2ddc
_cBK
_n0
999 _c9942
_d9942